Escala de pensamiento mágico (EPM) : I, estructura factorial, consistencia interna y validez de contenido (Record no. 149532)
[ view plain ]
| 000 -CABECERA | |
|---|---|
| campo de control de longitud fija | 00620nab a2200193 a 4500 |
| 005 - FECHA Y HORA DE LA ÚLTIMA TRANSACCIÓN | |
| campo de control | 20210219161030.0 |
| 008 - ELEMENTOS DE LONGITUD FIJA--INFORMACIÓN GENERAL | |
| campo de control de longitud fija | 991125s1985 mx 000 0 spa u |
| 035 ## - NÚMERO DE CONTROL DEL SISTEMA | |
| Número de control de sistema | UPN01000177429 |
| 100 1# - ASIENTO PRINCIPAL--NOMBRE PERSONAL | |
| Nombre de persona | Moral de la Rubia, José |
| 222 ## - TÍTULO CLAVE | |
| Título clave | ENSEÑANZA E INVESTIGACION EN PSICOLOGIA |
| 245 ## - MENCIÓN DE TÍTULO | |
| Título | Escala de pensamiento mágico (EPM) : I, estructura factorial, consistencia interna y validez de contenido |
| 260 ## - PUBLICACIÓN, DISTRIBUCIÓN, ETC. | |
| Lugar de publicación, distribución, etc. | Jalapa, México |
| 300 ## - DESCRIPCIÓN FÍSICA | |
| Extensión | 41-57 |
| 362 0# - FECHAS DE PUBLICACIÓN Y/O DESIGNACIÓN SECUENCIAL | |
| Fecha de publicación y/o designación secuencial | 2010 Vol. 15, no. 1, ene.-abr. |
| 653 0# - TERMINO DE INDIZACION - NO CONTROLADO | |
| Término no controlado | PENSAMIENTO MAGICO |
| 653 0# - TERMINO DE INDIZACION - NO CONTROLADO | |
| Término no controlado | CREENCIAS PARANORMALES |
| 653 0# - TERMINO DE INDIZACION - NO CONTROLADO | |
| Término no controlado | SUPERSTICION |
| 905 ## - TIPO DE MATERIAL | |
| Tipo de material | Articulo |
No items available.
